| LEADER | 00555nam a22001815a 4500 | ||
|---|---|---|---|
| 001 | EIQ.libpla001291 | ||
| 008 | 060904s1977####xx#ao####b####000#0#eng#d | ||
| 005 | 20060904175603.0 | ||
| 245 | 1 | 0 | |a Cutting energy costs / |c Oil & Gas Journal. |
| 260 | |a [s. l. : |b s.n, |c 1977?] | ||
| 300 | |a 197 p. : |b il., fotos ; |c 28 cm. | ||
| 650 | 4 | |a Economía |x Energía. | |
| 650 | 4 | |a Energía |x Costos. | |
| 650 | 4 | |a Economics |x Energy. | |
| 650 | 4 | |a Energy |x Costs. | |
| 040 | |a AR-BbSID |b spa |c AR-BbSID | ||
| 110 | 2 | |a Oil & Gas Journal. | |
| 859 | |a AR-BbSID |b BIB. PLAPIQUI |h 621.403 |i Oi 5 |p 3839 | ||
